| 000 | 02329cam a2200541 4500 | ||
|---|---|---|---|
| 003 | PE-LiUPU | ||
| 005 | 20250731180110.0 | ||
| 008 | 2000 mx | ||
| 020 | _a9684443854 | ||
| 020 | _a9789684443853 | ||
| 035 | _a(Sirsi) i9789684443853 | ||
| 035 | _a(Sirsi) 24437 | ||
| 035 | _a(Sirsi) 24437 | ||
| 082 | 0 | 4 |
_a546 _bR28 |
| 100 | 1 |
_aRayner-Canham, Geoff, _eautor. |
|
| 245 | 1 | 0 |
_aQuímica inorgánica descriptiva / _cGeoff Rayner-Canham ; tr. Roberto Luis Escalona García. |
| 264 | 1 |
_aMéxico : _bPearson Educación, _c2000. |
|
| 300 |
_a624 páginas ; _c26 centímetros |
||
| 336 |
_atext _2rdacontent |
||
| 337 |
_aunmediated _2rdamedia |
||
| 338 |
_avolume _2rdacarrier |
||
| 504 | _aIncluye bibliografía | ||
| 505 | 0 | _aLa estructura electrónica del átomo: un repaso -- Perspectiva general de la tabla periódica -- el enlace covalente -- -- Enlace metálico -- Enlace iónico -- Termodinámica inorgánica -- Hidrógeno -- Ácidos y bases -- Oxidación y reducción -- Elementos del grupo 1: los metales alcalinos -- Elementos del grupo 2: los metales alcalinotérreos -- Los elementos del grupo 13 -- Elementos del grupo 14 -- Elementos del grupo 15 -- Elementos del grupo 16 -- Elementos del grupo 17 : los halógenos -- Elementos del grupo 18 : los gases nobles -- Introducción a los complejos de los metales de transición -- Los Elementos del grupo 12 -- las tierras raras y elementos actínidos. | |
| 526 | _aSEG44 | ||
| 526 | _aSEG26 | ||
| 526 | _aP159 | ||
| 526 | _aP155 | ||
| 526 | _aP154 | ||
| 526 | _aP153 | ||
| 526 | _aP150 | ||
| 526 | _aP100 | ||
| 526 | _aP31 | ||
| 526 | _aP30 | ||
| 526 | _aP26 | ||
| 526 | _aP25 | ||
| 526 | _aP24 | ||
| 526 | _aP22 | ||
| 526 | _aP15 | ||
| 526 | _aP10 | ||
| 650 | 1 | 4 |
_aQuímica inorgánica _xEstudio y enseñanza (Superior) |
| 700 | 1 |
_aEscalona García, Roberto Luis _etraductor. |
|
| 910 |
_adbm _bncf _cncf _d20190514 |
||
| 942 |
_2ddc _cBOOK |
||
| 994 |
_aC0 _bPEPRU |
||
| 596 | _a1 | ||
| 999 |
_a546 R28 _wDEWEY _c24378 _i47906 _d24378 _e2016-9-5 _f2021-11-5 _g8 _lCCODEBUL1 _mBUL _n3 _p50.00 _q1 _r0 _sY _tBOOK _u2015-6-24 _xBIBLIOTECA _PP26 _0COMPRA _o.STAFF. Colección Ingeniernía y Arquitectura |
||
| 980 |
_81 _gALBERTO SANCHEZ Responsable de Automatización |
||